Microsoft Word 2010 bible (Record no. 88281)
[ view plain ]
| 000 -LEADER | |
|---|---|
| fixed length control field | 01527nam a2200349 a 4500 |
| 100 1# - MAIN ENTRY--AUTHOR NAME | |
| Personal name | Tyson, Herb Gene. |
| 245 10 - TITLE STATEMENT | |
| Title | Microsoft Word 2010 bible |
| 250 ## - EDITION STATEMENT | |
| Edition statement | 1st ed. |
| 260 ## - PUBLICATION, DISTRIBUTION, ETC. (IMPRINT) | |
| Place of publication | Indianapolis, Ind. : |
| Name of publisher | Wiley Pub., Inc., |
| Year of publication | 2010. |
| 300 ## - PHYSICAL DESCRIPTION | |
| Number of Pages | xlii, 941 p. : |
| Other physical details | ill. |
| 500 ## - GENERAL NOTE | |
| General note | Includes index. |
| 505 0# - FORMATTED CONTENTS NOTE | |
| Formatted contents note | pt. 1. My word, and welcome to it -- pt. 2. Word on the street -- pt. 3. Writing tools -- pt. 4. More than mere words -- pt. 5. Document design -- pt. 6. With all due reference -- pt. 7. Getting out the word -- pt. 8. Power and customization -- pt. 9. Collaboration : getting along with others. |
| 650 #0 - SUBJECT ADDED ENTRY--TOPICAL TERM | |
| Topical Term | Word processing. |
| 856 40 - ELECTRONIC LOCATION AND ACCESS | |
| Uniform Resource Identifier | http://site.ebrary.com/lib/rucke/Doc?id=10395545 |
No items available.
